| 000 | 00563nam a2200157 i 4500 | ||
|---|---|---|---|
| 001 | 52810 | ||
| 003 | ES-MaACL | ||
| 005 | 20230906162641.0 | ||
| 007 | t| | ||
| 008 | 030904s1931 sp ||||1| spa d | ||
| 245 | 0 | 0 |
_aEn defensa del altar _b: el presupuesto de culto y clero, deuda sagrada ante una injusticia del proyecto de Constitución que el Parlamento discute. |
| 260 |
_aMadrid : _b[Revista Eclesiástica], _c1931 ( _fLuz y Vida) |
||
| 300 |
_a30 p. ; _c21 cm. |
||
| 650 | 4 |
_aIglesia y Estado- _zEspaña- _y1931-1939. _9141975 |
|
| 852 |
_aES-MaACL _j1751-F-12 |
||
| 999 |
_c52810 _d52810 |
||